000 00511nam a22001937a 4500
003 OSt
005 20230711104142.0
008 230711b |||||||| |||| 00| 0 eng d
020 _a978-0-670-0984-6
040 _cSBCL
082 _a823
_bRUS-S
100 _aRUSHDIE,SALMAN
245 _aVICTORY CITY
260 _aHARYANA
_bPENGUIN RANDOM HOUSE
_c2023
300 _a338p.
630 _xGENERAL STACK
650 _2Literature & rhetoric
_aEnglish & Old English literatures
_vEnglish fiction
942 _cBOOK
999 _c135841
_d135841